1748 1085 1137 1378 1147 1499 1317 1628 1689 1914 1536 1417 1257 1128 1970 1432 1770 1947 1623 1598 1677 1291 1642 1654 1347 1405 1865 1091 1694 1024 1941 1380 1974 1617 1651 1366 1312 1321 1575 1284 1543 1805 1512 1529 1117 1870 1009 1767 1576 1579 1600 1554 1601 1867 1851 1098 1841 1801 1801 1558 1882 1975 1677 1874 1126 1479 1396 1638 1909 1173 1655 1153 1175 1849 1283 1894 1834 1056 1610 1763 1382 1462 1275 1777 1604 1945 1222 1756 1051 1373 1009 1500 1134 1353 1487 1480 1358 1648 1041 BCNSPRNW ULIB Ver.6.0+V

เปลี่ยนเป็นภาษาไทย

Change to English
 แสดงรายละเอียดบรรณานุกรม
  กลับหน้าหลัก

Brief Record : Get Marc (ISO 2709) : E-mail record : QR code < ปิดหน้าต่าง
LEADER : 00000nam 2200000uu 4500
001    13399112321
003     ULIB
008    110627s2552||||th 000 0 tha d
020    9786169003359
090    นว.^bว295ฝ 2552
100 0  วรันธร
245 00 ฝากหัวใจทำนายรัก/^cวรันธร
250    พิมพ์ครั้งที่ 1
260    กรุงเทพฯ :^bBlue Butterfly,^c2552
300    320 หน้า
710 1  Blue Butterfly
945    ^p236^l0^i030400
995    ทศพร
999 ^a ใช้งานได้ทุกระบบ
รายการนี้ยังไม่มีแท็ก
คุณยังไม่ได้ล็อกอิน คุณสามารถมีกิจกรรมร่วมกับเว็บไซต์ได้ แต่ต้องล็อกอินก่อน ::
  ล็อกอิน

รายการสื่อสารสนเทศ

ลำดับที่ ประเภท เลขเรียก/บาร์โค้ด สถานที่ สถานะ
- ไม่พบข้อมูล -

รายการใกล้เคียง
    ผู้แต่ง [วรันธร]

BibComment


ยังไม่เคยถูกคอมเมนท์

คอมเมนท์ทรัพยากรรายการนี้
  คอมเมนท์: ฝากหัวใจทำนายรัก ..


 Copyright 2026. Bcnsprnw @Library